000 00472nam a22001697a 4500
005 20251108172846.0
008 250721s2004 xx 000 0 ara d
082 1 4 _a598.9/حجا
100 1 _aالحجاج، عادل محمد علي
245 1 0 _aموسوعة الصقور /
264 1 _aعمان :
_bجهينة للنشر و التوزيع،
_c2004.
300 _a89 ص.
650 1 7 _aالطيور
650 1 7 _aالصقور
942 _2ddc
_cBK
999 _c90214
_d90214